| 000 | 00753pam a2200217 a 4500 | ||
|---|---|---|---|
| 020 | _a0070625379 | ||
| 082 | 0 | 0 |
_a620.106 _bSTR _cL-NUST-01, P-44 |
| 100 | 1 |
_aStreeter, Victor L. _939966 |
|
| 245 | 1 | 0 |
_aFluid mechanics / _cVictor L. Streeter, E. Benjamin Wylie, Keith W. Bedford. |
| 250 | _a9th ed. | ||
| 260 |
_aBoston : _bWCB/McGraw Hill, _cc1998. |
||
| 300 |
_axi, 740 p. : _bill. ; _c26 cm. |
||
| 526 |
_a0 _b0 _c0 _d620_106000000000000_STR |
||
| 650 | 0 |
_aFluid mechanics. _91678 |
|
| 650 | 0 |
_aNUST / MCE _926909 |
|
| 700 | 1 |
_aBedford, Keith W. _93286 |
|
| 700 | 1 |
_aWylie, E. Benjamin. _93285 |
|
| 856 | 4 | 1 | _uhttp://www.loc.gov/catdir/toc/mh022/97036324.html |
| 856 | 4 | 2 | _uhttp://www.loc.gov/catdir/description/mh023/97036324.html |
| 942 |
_2ddc _cBK |
||
| 999 |
_c544968 _d544968 |
||